AH International Schools' Libraries

What makes a magnet? / (Record no. 49420)

MARC details
000 -LEADER
fixed length control field 01187nam a2200301 4500
010 ## - LIBRARY OF CONGRESS CONTROL NUMBER
LC control number 95032181
020 ## - INTERNATIONAL STANDARD BOOK NUMBER
International Standard Book Number 0060264411
020 ## - INTERNATIONAL STANDARD BOOK NUMBER
International Standard Book Number 0590254219
020 ## - INTERNATIONAL STANDARD BOOK NUMBER
International Standard Book Number 9780060264413
040 ## - CATALOGING SOURCE
Original cataloging agency DLC
Transcribing agency DLC
Modifying agency DLC
042 ## - AUTHENTICATION CODE
Authentication code lcac
050 00 - LIBRARY OF CONGRESS CALL NUMBER
Classification number QC757.5
Item number .B7 1996
082 00 - DEWEY DECIMAL CLASSIFICATION NUMBER
Classification number 538/.4/078
Edition number 20
100 1# - MAIN ENTRY--PERSONAL NAME
Personal name Branley, Franklyn M.
Fuller form of name (Franklyn Mansfield),
Dates associated with a name 1915-2002.
9 (RLIN) 86609
245 10 - TITLE STATEMENT
Title What makes a magnet? /
Statement of responsibility, etc by Franklyn M. Branley ; illustrated by True Kelley.
250 ## - EDITION STATEMENT
Edition statement 1st ed.
260 ## - PUBLICATION, DISTRIBUTION, ETC. (IMPRINT)
Place of publication, distribution, etc New York, NY :
Name of publisher, distributor, etc HarperCollins,
Date of publication, distribution, etc c1996.
300 ## - PHYSICAL DESCRIPTION
Extent 31 p. :
Other physical details col. ill. ;
Dimensions 21 x 26 cm.
440 #0 - SERIES STATEMENT/ADDED ENTRY--TITLE
Title Let's-read-and-find-out science.
Number of part/section of a work Stage 2
520 ## - SUMMARY, ETC.
Summary, etc Describes how magnets work and includes instructions for making a magnet and a compass.
650 ## - SUBJECT ADDED ENTRY--TOPICAL TERM
Topical term or geographic name as entry element Magnets
General subdivision Juvenile literature.
650 ## - SUBJECT ADDED ENTRY--TOPICAL TERM
Topical term or geographic name as entry element Magnets
General subdivision Experiments
-- Juvenile literature.
650 ## - SUBJECT ADDED ENTRY--TOPICAL TERM
Topical term or geographic name as entry element Magnets.
9 (RLIN) 31684
700 1# - ADDED ENTRY--PERSONAL NAME
Personal name Kelley, True,
Relator term ill.
9 (RLIN) 61247
942 ## - ADDED ENTRY ELEMENTS (KOHA)
Source of classification or shelving scheme
Koha item type Book
Holdings
Withdrawn status Lost status Source of classification or shelving scheme Damaged status Not for loan Home library Current library Date acquired Total Checkouts Full call number Barcode Date last seen Price effective from Koha item type
          Logos International School Logos International School 08/25/2025   J 538.4 BRA 042905 09/08/2025 08/25/2025 Book

For any Logos Library related questions please contact Miss Art at swongnarasuk@asianhope.org.

For any Asian Hope Library related questions please contact Miss Raza at graza@asianhope.org.

Powered by Koha